000 00544nam a22001937a 4500
003 KOHA_MİRAKIL
005 20241003053918.0
008 241002b2022 tu ||||| |||| 00| 0 tur d
020 _a9786054603992
040 _aTR-AnABB
_btur
_cTR-AnABB
041 _atur
082 _a823.914
_bCRO 2022
100 1 _aCross, Gillian
_91016
245 1 0 _aYarından sonra /
_cGillian Cross.
260 _aİstanbul :
_bGünışığı Kitaplığı,
_c2022.
300 _a252 sayfa ;
_c20 cm.
650 _aİngiliz edebiyatı, roman
_97
942 _2ddc
_cBK
999 _c7596
_d7596
900 _bCan Çelik